US-China Trade War: Causes and Outcomes
Uložené v:
| Hlavný autor: | |
|---|---|
| Ďalší autori: | , , |
| Médium: | Kapitola |
| Jazyk: | English |
| Predmet: | |
| Tagy: |
Žiadne tagy, Buďte prvý, kto otaguje tento záznam!
|
MARC
| LEADER | 00000naa$a2200000$$$4500 | ||
|---|---|---|---|
| 001 | 0262113 | ||
| 005 | 20240502083752.8 | ||
| 041 | 0 | |a eng | |
| 044 | |a CZ | ||
| 245 | 1 | 0 | |a US-China Trade War: Causes and Outcomes |c Larisa Kapustina, Ľudmila Lipková, Yakov Silin, Andrei Drevalev |
| 610 | 2 | 0 | |a obchod zahraničný |
| 610 | 2 | 0 | |a vojny |
| 610 | 2 | 0 | |a konflikty |
| 610 | 2 | 0 | |a politika obchodná |
| 610 | 2 | 0 | |a vzťahy medzinárodné |
| 610 | 2 | 0 | |a sankcie |
| 610 | 2 | 0 | |a USA |
| 610 | 2 | 0 | |a Čína |
| 100 | 1 | |a Kapustina, Larisa | |
| 700 | 1 | |a Lipková, Ľudmila | |
| 700 | 1 | |a Silin, Yakov | |
| 700 | 1 | |a Drevalev, Andrei | |